The discovery of India / (Record no. 23100)

000 -LEADER
fixed length control field 00349cam a2200145 a 4500
020 ## - INTERNATIONAL STANDARD BOOK NUMBER
International Standard Book Number 0195623592
082 ## - DEWEY DECIMAL CLASSIFICATION NUMBER
Classification number 952
Author Mark NEH
100 1# - MAIN ENTRY--PERSONAL NAME
Personal name Nehru, Jawaharlal,
245 14 - TITLE STATEMENT
Title The discovery of India /
250 ## - EDITION STATEMENT
Edition statement Centenary ed.
260 ## - PUBLICATION, DISTRIBUTION, ETC.
Place of publication, distribution, etc. Delhi ;
-- New York :
Name of publisher, distributor, etc. Oxford University Press,
Date of publication, distribution, etc. 1989, c1985.
300 ## - PHYSICAL DESCRIPTION
Extent 582 p. ;
650 ## - SUBJECT ADDED ENTRY--TOPICAL TERM
Topical term or geographic name entry element History
942 ## - ADDED ENTRY ELEMENTS (KOHA)
Koha item type Book
Holdings
Withdrawn status Lost status Damaged status Not for loan Permanent Location Current Location Date acquired Cost, normal purchase price Total Checkouts Full call number Barcode Date last seen Price effective from Koha item type
        School of Interdisciplinary Engineering and Sciences (SINES) School of Interdisciplinary Engineering and Sciences (SINES) 11/27/2012 450.00   952 NEH RCMS1 11/27/2012 01/05/2017 Book
© 2023 Central Library, National University of Sciences and Technology. All Rights Reserved.